000
00308nam a22001457a 4500
008
210310b ||||| |||| 00| 0 eng d
020
_a
0132212277
041
_a
eng
080
_2
5th
_a
521
082
_a
521
100
_a
42
101
_a
AST
245
_a
Dynamic Astronomy
_c
Dixon,T.R
942
_2
udc
_c
BK
999
_c
56253
_d
56253